Tuyển tập Huy Cận
Guardado en:
| Autor principal: | |
|---|---|
| Formato: | Libro |
| Etiquetas: |
Agregar Etiqueta
Sin Etiquetas, Sea el primero en etiquetar este registro!
|
| Thư viện lưu trữ: | Mạng thư viện Đại học Đà Nẵng |
|---|
| LEADER | 00541nam a2200205 4500 | ||
|---|---|---|---|
| 001 | 000005517 | ||
| 003 | 1662 | ||
| 005 | 20150812140841.0 | ||
| 008 | 110817s sd | ||
| 100 | 0 | |a Huy Cận | |
| 245 | 0 | 0 | |a Tuyển tập Huy Cận |c Huy Cận |
| 774 | |a Huy Cận |d Văn học |d H. |d 1995 |g Tập 2 |h 422 tr. |w 1663 | ||
| OWN | |a LSP | ||
| 999 | |a From the UDN01 | ||
| TYP | |a Monograph | ||
| TYP | |a Printed language | ||
| 980 | |a Mạng thư viện Đại học Đà Nẵng | ||